[Event "ARG-ch Amateur U1700"]
[Site "Suipacha"]
[Date "2019.11.17"]
[Round "5.3"]
[White "Ibanez, Rodolfo"]
[Black "Salerno, Luis"]
[Result "1-0"]
[WhiteElo "1502"]
[BlackElo "1620"]
[PlyCount "93"]
[EventDate "2019.11.15"]
[EventType "swiss"]
[EventRounds "8"]
[EventCountry "ARG"]
[SourceTitle "EXT 2024"]
[Source "ChessBase"]
[SourceDate "2023.10.10"]
[SourceVersion "1"]
[SourceVersionDate "2023.10.10"]
[SourceQuality "1"]

1. d4 c5 2. d5 e6 3. e4 exd5 4. exd5 d6 5. c4 Nf6 6. Nc3 Be7 7. Nf3 0-0 8. Be2 Bg4 9. 0-0 Nbd7 10. h3 Bh5 11. Bf4 a6 12. a4 Rb8 13. Qc2 Re8 14. Rfe1 Nf8 15. Nd2 Bg6 16. Bd3 Bxd3 17. Qxd3 Ng6 18. Bh2 Qb6 19. Qc2 Bf8 20. Nf3 Nd7 21. h4 Nde5 22. Bxe5 dxe5 23. g3 f6 24. Rab1 Rbd8 25. Kg2 Ne7 26. h5 Nc8 27. Ne4 h6 28. Nh4 Ne7 29. Nc3 Qb4 30. b3 b5 31. axb5 axb5 32. Nxb5 Nxd5 33. Nf5 Ne7 34. Nfd6 Rxd6 35. Nxd6 Rd8 36. Red1 Nc6 37. Nb5 Rxd1 38. Qxd1 Nd4 39. Nc7 Qb7+ 40. Nd5 f5 41. Qe1 e4 42. Qd1 Bd6 43. b4 Nf3 44. Nf6+ gxf6 45. Qxd6 Kg7 46. Qd5 Qa7 47. bxc5 1-0